Danse avec les stars - Candidats internationaux - Statistiques

Statistiques générales
  • Ce quiz a été pris 60 fois
    30 depuis la dernière actualisation
  • Le résultat moyen est 7 sur 14
Statistiques - réponses
Partenaires Candidats.es % Correct
Fauve Hautot Saison 12 Billy Crawford
81%
Denitsa Ikonomova Saison 15 Ian Ziering
76%
Marie Denigot Saison 8 Lenni-Kim
76%
Candice Pascal Saison 13 James Denton
67%
Nicolas Archambault Saison 14 Cœur de pirate
57%
Anthony Colette Saison 13 Natasha St-Pier
57%
Jordan Mouillerac Saison 13 Cristina Córdula
52%
Maxime Dereymez Saison 9 Pamela Anderson
52%
Calisson Goasdoué Saison 12 Stéphane Legar
52%
Christophe Licata Saison 11 Dita von Teese
48%
Christophe Licata Saison 1 Rossy de Palma
48%
Fauve Hautot Saison 5 Miguel Ángel Muñoz
33%
Maxime Dereymez Saison 5 Tonya Kinzinger
24%
Christophe Licata Saison 8 Tatiana Silva
14%
Aucun quiz correspondant
Distribution des résultats
% des personnes avec chaque résultat
Percentile par nombre de réponses
Votre historique - résultats
Vous n’avez pas pris ce quiz depuis la dernière actualisation